<?xml version="1.0" encoding="UTF-8"?>
<record
    xmlns:xsi="http://www.w3.org/2001/XMLSchema-instance"
    xsi:schemaLocation="http://www.loc.gov/MARC21/slim http://www.loc.gov/standards/marcxml/schema/MARC21slim.xsd"
    xmlns="http://www.loc.gov/MARC21/slim">

  <leader>01366nam a2200349 a 4500</leader>
  <controlfield tag="008">951031s1992||||[C               0  slo c</controlfield>
  <datafield tag="020" ind1=" " ind2=" ">
    <subfield code="a">8023400649</subfield>
    <subfield code="c">10</subfield>
  </datafield>
  <datafield tag="040" ind1=" " ind2=" ">
    <subfield code="a">SNK</subfield>
    <subfield code="b">slo</subfield>
    <subfield code="c">SNK</subfield>
    <subfield code="e">AACR2</subfield>
  </datafield>
  <datafield tag="041" ind1="1" ind2=" ">
    <subfield code="a">slo</subfield>
  </datafield>
  <datafield tag="044" ind1=" " ind2=" ">
    <subfield code="a">xo</subfield>
    <subfield code="c">SK</subfield>
  </datafield>
  <datafield tag="080" ind1=" " ind2=" ">
    <subfield code="a">943.767.2-22</subfield>
  </datafield>
  <datafield tag="080" ind1=" " ind2=" ">
    <subfield code="a">908.437.672</subfield>
  </datafield>
  <datafield tag="100" ind1="1" ind2=" ">
    <subfield code="a">Uli&#x10D;n&#xFD;, Ferdinand</subfield>
    <subfield code="4">com</subfield>
  </datafield>
  <datafield tag="245" ind1="1" ind2="0">
    <subfield code="a">Dejiny Giraltoviec</subfield>
    <subfield code="c">Zost. Ferdinand Uli&#x10D;n&#xFD; ; Aut. &#x13D;ubica Cibu&#x13E;kov&#xE1;, Du&#x161;an &#x10C;aplovi&#x10D;, Mikul&#xE1;&#x161; Lovack&#xFD;, Martin Me&#x161;&#x161;a, Martin Mih&#xE1;ly, Imrich Michnovi&#x10D;, Jozef Petrovi&#x10D;, Ferdinand Uli&#x10D;n&#xFD; ; Graf. upr. Tatiana Tarhanovi&#x10D;ov&#xE1; ; Aut. ob&#xE1;l. Tatiana Tarhanovi&#x10D;ov&#xE1;</subfield>
  </datafield>
  <datafield tag="250" ind1=" " ind2=" ">
    <subfield code="a">1. vyd.</subfield>
  </datafield>
  <datafield tag="260" ind1=" " ind2=" ">
    <subfield code="a">Ko&#x161;ice</subfield>
    <subfield code="b">V&#xFD;chodoslovensk&#xE9; vydavate&#x13E;stvo</subfield>
    <subfield code="a">Giraltovce</subfield>
    <subfield code="b">Mestsk&#xFD; &#xFA;rad [vyd.]</subfield>
    <subfield code="c">1992</subfield>
    <subfield code="e">Bansk&#xE1; Bystrica</subfield>
    <subfield code="f">Tla&#x10D;iarne BB, spol. s r.o.</subfield>
  </datafield>
  <datafield tag="300" ind1=" " ind2=" ">
    <subfield code="a">224 s.</subfield>
    <subfield code="b">Fotogr., tab., lit. 179 z&#xE1;zn. v slov.</subfield>
    <subfield code="c">21 cm</subfield>
  </datafield>
  <datafield tag="490" ind1="0" ind2=" ">
    <subfield code="a">URBS</subfield>
  </datafield>
  <datafield tag="500" ind1=" " ind2=" ">
    <subfield code="a">Ilustr. na front. a preds&#xE1;dkach</subfield>
  </datafield>
  <datafield tag="700" ind1="1" ind2=" ">
    <subfield code="a">Cibu&#x13E;kov&#xE1;, &#x13D;ubica</subfield>
    <subfield code="4">aut</subfield>
  </datafield>
  <datafield tag="700" ind1="1" ind2=" ">
    <subfield code="a">&#x10C;aplovi&#x10D;, Du&#x161;an</subfield>
    <subfield code="4">aut</subfield>
  </datafield>
  <datafield tag="700" ind1="1" ind2=" ">
    <subfield code="a">Lovack&#xFD;, Mikul&#xE1;&#x161;</subfield>
    <subfield code="4">aut</subfield>
  </datafield>
  <datafield tag="700" ind1="1" ind2=" ">
    <subfield code="a">Me&#x161;&#x161;a, Martin</subfield>
    <subfield code="4">aut</subfield>
  </datafield>
  <datafield tag="700" ind1="1" ind2=" ">
    <subfield code="a">Mih&#xE1;ly, Martin</subfield>
    <subfield code="4">aut</subfield>
  </datafield>
  <datafield tag="700" ind1="1" ind2=" ">
    <subfield code="a">Michnovi&#x10D;, Imrich</subfield>
    <subfield code="4">aut</subfield>
  </datafield>
  <datafield tag="700" ind1="1" ind2=" ">
    <subfield code="a">Petrovi&#x10D;, Jozef</subfield>
    <subfield code="4">aut</subfield>
  </datafield>
  <datafield tag="700" ind1="1" ind2=" ">
    <subfield code="a">Uli&#x10D;n&#xFD;, Ferdinand</subfield>
    <subfield code="4">aut</subfield>
  </datafield>
  <datafield tag="700" ind1="1" ind2=" ">
    <subfield code="a">Tarhanovi&#x10D;ov&#xE1;, Tatiana</subfield>
    <subfield code="4">bkd</subfield>
  </datafield>
  <datafield tag="700" ind1="1" ind2=" ">
    <subfield code="a">Tarhanovi&#x10D;ov&#xE1;, Tatiana</subfield>
    <subfield code="4">bjd</subfield>
  </datafield>
  <datafield tag="958" ind1=" " ind2=" ">
    <subfield code="a">AMG</subfield>
  </datafield>
  <datafield tag="958" ind1=" " ind2=" ">
    <subfield code="a">AZN</subfield>
  </datafield>
  <datafield tag="999" ind1=" " ind2=" ">
    <subfield code="c">15295</subfield>
    <subfield code="d">15295</subfield>
  </datafield>
  <datafield tag="952" ind1=" " ind2=" ">
    <subfield code="0">0</subfield>
    <subfield code="1">0</subfield>
    <subfield code="2">udc</subfield>
    <subfield code="4">0</subfield>
    <subfield code="7">0</subfield>
    <subfield code="8">K</subfield>
    <subfield code="a">10000</subfield>
    <subfield code="b">10000</subfield>
    <subfield code="d">2019-11-29</subfield>
    <subfield code="g">10.00</subfield>
    <subfield code="i">14329</subfield>
    <subfield code="l">4</subfield>
    <subfield code="o">I 0367</subfield>
    <subfield code="p">I0367</subfield>
    <subfield code="r">2025-02-12</subfield>
    <subfield code="s">2025-02-10</subfield>
    <subfield code="w">2019-11-29</subfield>
    <subfield code="y">OLDO</subfield>
  </datafield>
</record>
